000 01359cam a2200373 i 4500
999 _c1400
_d1400
001 21678735
003 OSt
005 20221229105235.0
006 m |o d |
007 cr||||||||||||
008 170113s2018 mnua job 001 0 eng
010 _a 2019723945
020 _q(lib. bdg.)
_a9781532120299
040 _aDLC
_beng
_erda
_cDLC
_dDLC
042 _apcc
082 0 0 _a677 RIV
_223
100 1 _aRivera, Andrea,
_eauthor.
245 1 0 _aCloth /
_cAndrea Rivera ; [Editor: Brienna Rossiter].
264 1 _aMinneapolis, Minnesota :
_bAbdo Zoom,
_c[2018]
300 _a1 online resource
336 _atext
_btxt
_2rdacontent
337 _acomputer
_bc
_2rdamedia
338 _aonline resource
_bcr
_2rdacarrier
490 0 _aZoom in on materials
504 _aIncludes bibliographical references (page 23) and index.
588 _aDescription based on online resource; title from PDF title page (Site, viewed 02/22/2021).
650 0 _aTextile fabrics
_vJuvenile literature.
650 0 _aMaterials science
_vJuvenile literature.
700 1 _aRossiter, Brienna,
_eeditor.
776 0 8 _iPrint version:
_tCloth
_dMinneapolis, Minnesota : Abdo Zoom, [2018]
_z9781532120299 (lib. bdg.)
_w(DLC) 2017931128
906 _a7
_bcbc
_corigcop
_d1
_eecip
_f20
_gy-gencatlg
942 _2ddc
_cNFIC